प्रतियोगी परीक्षाये / (Record no. 121934)

MARC details
000 -LEADER
fixed length control field 00770nam a22002177a 4500
010 ## - LIBRARY OF CONGRESS CONTROL NUMBER
LC control number B-144534
020 ## - INTERNATIONAL STANDARD BOOK NUMBER
Terms of availability 250.00
035 ## - SYSTEM CONTROL NUMBER
System control number B-144534
037 ## - SOURCE OF ACQUISITION
Stock number Cen Lib/Ret
040 ## - CATALOGING SOURCE
Original cataloging agency DPL
Language of cataloging HN
082 ## - DEWEY DECIMAL CLASSIFICATION NUMBER
Classification number 370.113
Item number अर्यापी
100 ## - MAIN ENTRY--PERSONAL NAME
Personal name आर्य, पी. के.
9 (RLIN) 73
245 ## - TITLE STATEMENT
Title प्रतियोगी परीक्षाये /
Statement of responsibility, etc पी. के आर्य
246 ## - VARYING FORM OF TITLE
Title proper/short title Partiyogi parikchyen /
Remainder of title by P. K. Arya
260 ## - PUBLICATION, DISTRIBUTION, ETC. (IMPRINT)
Place of publication, distribution, etc जयपुर
Name of publisher, distributor, etc अनु प्रकाशन
Date of publication, distribution, etc 2005
270 ## - ADDRESS
Address अनु प्रकाशन
City जयपुर
300 ## - PHYSICAL DESCRIPTION
Extent 219p ;
Other physical details 24cm(Hb)
650 ## - SUBJECT ADDED ENTRY--TOPICAL TERM
Topical term or geographic name as entry element Educaiton guide
9 (RLIN) 115762
650 ## - SUBJECT ADDED ENTRY--TOPICAL TERM
Topical term or geographic name as entry element Examination guide
9 (RLIN) 134616
942 ## - ADDED ENTRY ELEMENTS (KOHA)
Source of classification or shelving scheme Dewey Decimal Classification
Koha item type Hindi Books
Classification part 370.113
Call number suffix अर्यापी
Holdings
Withdrawn status Lost status Damaged status Not for loan Home library Current library Date acquired Source of acquisition Cost, normal purchase price Total Checkouts Full call number Barcode Date last seen Copy number Cost, replacement price Price effective from Koha item type
        Central Library Central Library 30/12/2015 Cen Lib/Ret 250.00   370.113 अर्यापी B-144534 30/12/2015 1 250.00 30/12/2015 Hindi Books

© Delhi Public Library
Hit Counter
free hit counter